Vở bài tập Toán 4: T.1/
.
Đã lưu trong:
| Tác giả chính: | |
|---|---|
| Định dạng: | Sách |
| Năm xuất bản: |
H.:
Giáo dục,
2005.-
|
| Chủ đề: | |
| Tags: |
Thêm thẻ
Không có thẻ, Hãy là người đầu tiên gắn thẻ bản ghi này!
|
| LEADER | 02009nam a2200253 4500 | ||
|---|---|---|---|
| 082 | |a 372.7 |b V 460 b | ||
| 100 | |a . | ||
| 245 | |a Vở bài tập Toán 4: |b T.1/ |c .Đỗ Đình Hoan chủ biên, Nguyễn Áng, Vũ Quốc Chung...- | ||
| 260 | |a H.: |b Giáo dục, |c 2005.- | ||
| 300 | |a 96tr.; |c 24cm | ||
| 520 | |a . | ||
| 653 | |a Toán học( giáo dục tiểu học) | ||
| 942 | |2 ddc |c STK0 | ||
| 999 | |c 11638 |d 11638 | ||
| 952 | |0 0 |1 0 |2 ddc |4 0 |6 372_700000000000000_V_460_B |7 0 |8 300 |9 99496 |a qbu |b qbu |c D2 |d 2015-11-18 |g 4300 |o 372.7 V 460 b |p 11199.c1 |r 0000-00-00 |w 2015-11-18 |y STK0 | ||
| 952 | |0 0 |1 0 |2 ddc |4 0 |6 372_700000000000000_V_460_B |7 0 |8 300 |9 99497 |a qbu |b qbu |c D2 |d 2015-11-18 |g 4300 |o 372.7 V 460 b |p 11199.c2 |r 0000-00-00 |w 2015-11-18 |y STK0 | ||
| 952 | |0 0 |1 0 |2 ddc |4 0 |6 372_700000000000000_V_460_B |7 0 |8 300 |9 99498 |a qbu |b qbu |c D2 |d 2015-11-18 |g 4300 |o 372.7 V 460 b |p 11199.c3 |r 0000-00-00 |w 2015-11-18 |y STK0 | ||
| 952 | |0 0 |1 0 |2 ddc |4 0 |6 372_700000000000000_V_460_B |7 0 |8 300 |9 99499 |a qbu |b qbu |c D2 |d 2015-11-18 |g 4300 |l 1 |m 1 |o 372.7 V 460 b |p 11199.c4 |r 2019-01-24 |s 2019-01-16 |w 2015-11-18 |y STK0 | ||
| 952 | |0 0 |1 0 |2 ddc |4 0 |6 372_700000000000000_V_460_B |7 0 |8 300 |9 99500 |a qbu |b qbu |c D2 |d 2015-11-18 |g 4300 |o 372.7 V 460 b |p 11199.c5 |r 0000-00-00 |w 2015-11-18 |y STK0 | ||
| 952 | |0 0 |1 0 |2 ddc |4 0 |6 372_700000000000000_V_460_B |7 0 |8 300 |9 99501 |a qbu |b qbu |c D2 |d 2015-11-18 |g 4300 |o 372.7 V 460 b |p 11199.c6 |r 0000-00-00 |w 2015-11-18 |y STK0 | ||
| 952 | |0 0 |1 0 |2 ddc |4 0 |6 372_700000000000000_V_460_B |7 0 |8 300 |9 99502 |a qbu |b qbu |c D2 |d 2015-11-18 |g 4300 |o 372.7 V 460 b |p 11199.c7 |r 0000-00-00 |w 2015-11-18 |y STK0 | ||
| 952 | |0 0 |1 0 |2 ddc |4 0 |6 372_700000000000000_V_460_B |7 0 |8 300 |9 99503 |a qbu |b qbu |c D2 |d 2015-11-18 |g 4300 |o 372.7 V 460 b |p 11199.c8 |r 0000-00-00 |w 2015-11-18 |y STK0 | ||
| 952 | |0 0 |1 0 |2 ddc |4 0 |6 372_700000000000000_V_460_B |7 0 |8 300 |9 99504 |a qbu |b qbu |c D2 |d 2015-11-18 |g 4300 |o 372.7 V 460 b |p 11199.c9 |r 0000-00-00 |w 2015-11-18 |y STK0 | ||
| 952 | |0 0 |1 0 |2 ddc |4 0 |6 372_700000000000000_V_460_B |7 0 |8 300 |9 99505 |a qbu |b qbu |c D2 |d 2015-11-18 |g 4300 |o 372.7 V 460 b |p 11199.c10 |r 0000-00-00 |w 2015-11-18 |y STK0 | ||